Перейти до змісту

Сборник патриотических песен «Морские звезды» ноты

Вы держите в руках сборник, который, учитывая актуальность выбора репертуара для детских ансамблей и хоров, предлагает песни многогранной воспитательной направленности, нацеленной на развитие у младших школьников патриотизма, любви к истории Отечества, выбору будущей професссии. Песни интонационно в...

Повний опис

Збережено в:
Бібліографічні деталі
Автор: Поддубная Е. А.
Формат: Книга
Мова:Russian
Опубліковано: Санкт-Петербург Планета музыки 2024
Редагування:3-е изд., стер.
Предмети:
Онлайн доступ:https://e.lanbook.com/book/366197
https://e.lanbook.com/img/cover/book/366197.jpg
Теги: Додати тег
Немає тегів, Будьте першим, хто поставить тег для цього запису!
LEADER 02263nam0a2200349 i 4500
001 366197
003 RuSpLAN
005 20240228125139.0
008 240228s2024 ru gs 000 0 rus
020 |a 978-5-507-48781-3 
040 |a RuSpLAN 
041 0 |a rus 
044 |a ru 
080 |a 784.66 
084 |a 85.988  |2 rubbk 
245 0 0 |a Сборник патриотических песен «Морские звезды»  |b ноты  |c Поддубная Е. А. 
250 |a 3-е изд., стер. 
260 |a Санкт-Петербург  |b Планета музыки  |c 2024 
300 |a 64 с. 
504 |a Библиогр.: доступна в карточке книги, на сайте ЭБС Лань 
520 8 |a Вы держите в руках сборник, который, учитывая актуальность выбора репертуара для детских ансамблей и хоров, предлагает песни многогранной воспитательной направленности, нацеленной на развитие у младших школьников патриотизма, любви к истории Отечества, выбору будущей професссии. Песни интонационно выразительны, мелодичны; тесситура и аккомпанемент удобны для исполнения. Сборник адресован хормейстерам учреждений образования и культуры, музыкальным руководителям дошкольных центров, учителям музыки 
521 8 |a Книга из коллекции Планета музыки - Музыка и театр 
653 0 |a сборник песен 
653 0 |a патриотические песни 
653 0 |a песенный репертуар 
653 0 |a детский воклаьный ансамбль 
653 0 |a хор 
653 0 |a хоровой репертуар 
100 1 |a Поддубная Е. А. 
856 4 |u https://e.lanbook.com/book/366197 
856 4 8 |u https://e.lanbook.com/img/cover/book/366197.jpg 
953 |a https://e.lanbook.com/img/cover/book/366197.jpg 
Cannot write session to /tmp/vufind_sessions/sess_47rnr01inilefmdfd8b8c7gk53